Performance Management : (It is About Performing- Not Just Appraising) (Record no. 46508)

MARC details
000 -LEADER
fixed length control field 00447nam a2200169Ia 4500
008 - FIXED-LENGTH DATA ELEMENTS--GENERAL INFORMATION
fixed length control field 230524s9999 xx 000 0 und d
020 ## - INTERNATIONAL STANDARD BOOK NUMBER
ISBN 9780333937969
082 ## - DEWEY DECIMAL CLASSIFICATION NUMBER
Classification number 4.6
Item number CHA
100 ## - MAIN ENTRY--AUTHOR NAME
Personal name Prem Chadha
245 #0 - TITLE STATEMENT
Title Performance Management : (It is About Performing- Not Just Appraising)
250 ## - EDITION STATEMENT
Edition statement IST
260 ## - PUBLICATION, DISTRIBUTION, ETC. (IMPRINT)
Place of publication NEW DELHI
Name of publisher Macmillan
Year of publication 2009
300 ## - PHYSICAL DESCRIPTION
Number of Pages VII;601
500 ## - GENERAL NOTE
General note Quantity Number: 5
650 ## - SUBJECT ADDED ENTRY--TOPICAL TERM
Topical Term Management
942 ## - ADDED ENTRY ELEMENTS (KOHA)
Koha item type Books
Holdings
Lost status Damaged status Permanent Location Current Location Shelving location Date acquired Full call number Accession Number Koha item type
    Central Library, Trident Academy of Technology Central Library, Trident Academy of Technology General Stacks 05/24/2023 004.6 CHA 37304 Books
    Central Library, Trident Academy of Technology Central Library, Trident Academy of Technology General Stacks 05/24/2023 004.6 CHA 37305 Books
    Central Library, Trident Academy of Technology Central Library, Trident Academy of Technology General Stacks 05/24/2023 004.6 CHA 37306 Books
    Central Library, Trident Academy of Technology Central Library, Trident Academy of Technology General Stacks 05/24/2023 004.6 CHA 37307 Books
    Central Library, Trident Academy of Technology Central Library, Trident Academy of Technology General Stacks 05/24/2023 004.6 CHA 37308 Books
Trident Academy of Technology © 2023.
All rights reserved.                                                                                                                                                                                                        Designed by Team of Central Library .

Powered by Koha